00189nam a2200097Ia 4500082001700000100001500017245001800032260001500050300000800065650001800073 a615.34bP11R aRAJE, V.N. aPHARMACOGNOSY bCBS- DELHI a160 aPHARMACOGLOSY